Sustentabilidad y racionalidad ambiental: hacia otro programa de sociología ambiental /
La crisis ambiental emerge como una crisis del conocimiento, lo que problematiza la lógica de las ciencias y el estatus teórico de las ciencias sociales, desvinculadas de las condiciones ecológicas de sustentabilidad de la sociedad. Cuestionando los marcos teóricos de la sociología tradicional y la...
Sparad:
| Huvudupphovsman: | |
|---|---|
| Materialtyp: | Text |
| Ämnen: | |
| Taggar: |
Lägg till en tagg
Inga taggar, Lägg till första taggen!
|
MARC
| LEADER | 00000 a a2200000 04500 | ||
|---|---|---|---|
| 001 | 42673 | ||
| 003 | |||
| 040 | |||
| 100 | |a Leff, Enrique | ||
| 245 | |a Sustentabilidad y racionalidad ambiental: |b hacia otro programa de sociología ambiental / |c Enrique Leff | ||
| 500 | |a enrique.leff@gmail.com | ||
| 520 | |a La crisis ambiental emerge como una crisis del conocimiento, lo que problematiza la lógica de las ciencias y el estatus teórico de las ciencias sociales, desvinculadas de las condiciones ecológicas de sustentabilidad de la sociedad. Cuestionando los marcos teóricos de la sociología tradicional y la lógica de las ciencias sociales en este escrito, se plantean las bases conceptuales y los principios ético-filosóficos de una sociolgía ambiental prospectiva. | ||
| 590 | |a RRH/MARZO2012 | ||
| 650 | |a 1.SOCIOLOGIA | ||
| 650 | |a 2.MEDIO AMBIENTE | ||
| 650 | |a 3.ECOLOGIA | ||
| 650 | |a 4.CIENCIA | ||
| 650 | |a 5.RACIONALIZACION | ||
| 773 | |g volumen73, número1 ( , 2011), páginas 5-46 | ||
| 999 | |c 37179 |d 37179 | ||
